Economa̕ social y solidaria en la educacin̤ superior un espacio para la innovacin̤ / Tomo 1

Bibliographic Details
Main Author: Hernǹdez Arteaga, Isabel
Other Authors: Přez Muǫz, Colombia
Format: eBook
Language:Spanish
Published: Medelln̕: Universidad Cooperativa de Colombia, 2020
Subjects:
Online Access:Acceso restringido

MARC

LEADER 00000nam a22000007a 4500
005 20201022130611.0
007 cr|||| ||||
008 201022s2020 co |||||s|||| 00||0 spa d
020 |a 978-958-760-223-4 
035 |a 32119 
040 |a vLex 
090 |c 10782  |d 10782 
100 1 |a Hernǹdez Arteaga, Isabel 
245 1 0 |a Economa̕ social y solidaria en la educacin̤ superior  |h [Recurso electrn̤ico] :  |b un espacio para la innovacin̤ /  |c Isabel Hernǹdez Arteaga, Colombia Přez Muǫz  |n Tomo 1 
256 |a Servicio en ln̕ea 
260 |a Medelln̕:  |b Universidad Cooperativa de Colombia,  |c 2020 
300 |a 1 recurso electrn̤ico 
500 |a Este primer tomo de la coleccin̤ Economa̕ social y solidaria en la educacin̤ superior: un espacio para la innovacin̤ est ̀conformado por artc̕ulos que dan cuenta del poderoso vn̕culo que se genera al introducir la realidad, la teora̕ y la prc̀tica de la economa̕ social y solidaria en el currc̕ulo de universidades del Reino Unido, Colombia, Argentina, Canad,̀ Francia, Espaą y Brasil. Los autores exponen experiencias que aportan al mejoramiento de los modelos pedagg̤icos institucionales, al desarrollo de competencias para los profesores y al empoderamiento de los jv̤enes desde el aula para incidir en sus realidades locales. Esto se hace a travš de ejemplos de desarrollos curriculares que derivan en la gestin̤ de cooperativas y en la promocin̤ de polt̕icas pb︢licas en alianza con los gobiernos nacionales. Adems̀, se exponen experiencias de dil̀ogo de saberes y se muestra cm̤o el vn̕culo con los mercados agroecolg̤icos puede ser un escenario de apropiacin̤ social del conocimiento que favorece la participacin̤ ciudadana. En los l︢timos capt̕ulos, se resalta la importancia de los ecosistemas universitarios de apoyo a la economa̕ social y solidaria y la experiencia de las incubadoras para sintonizar a la comunidad acadm̌ica con el territorio. De esta forma, se destaca la manera en que dicha estrategia permite proponer soluciones efectivas a problemas o necesidades sociales, econm̤icas y ambientales, a travš del emprendimiento solidario y la innovacin̤ social. Al igual que en los dems̀ tomos, se hace evidente que la experiencia de educacin̤ en economa̕ social y solidaria no solo puede responder a las demandas de un mundo cambiante, tambiň puede inspirar la apropiacin̤ de futuro para el logro del bien comn︢ mundial. Palabras clave: academia, dil̀ogo de saberes, economa̕ solidaria, educacin̤ superior, estrategias pedagg̤icas. 
506 1 |a Disponible solo en los productos indicados  |d vLex Global  |d vLex Global (Academic Edition, excluding Law Schools)  |d vLex Global (U.S. Academic Edition, Law Schools)  |d vLex Global (U.S. Academic Edition, excluding Law Schools)  |d vLex Global (Academic Edition, Law Schools) 
650 0 4 |a Educacin̤  |z Colombia 
650 0 4 |a Economa̕ y negocios  |z Colombia 
700 1 |a Přez Muǫz, Colombia 
740 0 |a vLex Libros (Servicio en ln̕ea) 
856 4 0 |u http://vlex.com/source/economia-social-y-solidaria-en-la-educacion-superior-un-espacio-para-la-innovacion-tomo-1-32119  |z Acceso restringido 
942 |c BOOK 
999 0 |a Education 
999 0 |a Economy and business